000 01066cab a2200289 4500
001 ABS60649
008 090401t1999 xxu||||| |||| 00| 0 eng d
035 _a(Sirsi) u93566
041 _aeng
100 _aBarnes, Y.
245 _aHouse price statistics in a muddle
260 _c1999
350 _a0
490 _aProperty Forecast
_v2(5) May 1999, 6-7(2)
520 _aHouse price statistics over the last two years have begun to give diverse indications of the strength of the UK housing market. Looks at the Halifax, Nationwide, Land Registry and DETR, and suggests that rather than ignore their indices, valuation based indices are the main way to solve the problems associated with measuring UK house prices.
650 _aDETR
650 _aHALIFAX
650 _aHOUSE PRICE INDICES
650 _aINDICES
650 _aHM LAND REGISTRY
650 _aNATIONWIDE
650 _aVALUATION BASED INDICES
690 _aPROPERTY-RESIDENTIAL PROPERTY-RESIDENTIAL PROPERTY MARKET
700 _aDonnell, R.
942 _n0
948 _c26/05/1999
999 _c59294
_d59294